Name Every Echo and the Bunnymen Song - Statistics

General Stats
  • This quiz has been taken 2 times
  • The average score is 31 of 83
Answer Stats
Hint Answer % Correct
Crocodiles, track 5 Crocodiles
100%
Evergreen, track 4 Evergreen
100%
Heaven Up Here, track 6 Heaven Up Here
100%
Ocean Rain, track 7 Seven Seas
100%
Ocean Rain, track 6 The Killing Moon
100%
Evergreen, track 8 Altamont
50%
Flowers, track 10 An Eternity Turns
50%
What Are You..., track 4 Baby Rain
50%
Evergreen, track 7 Baseball Bill
50%
Echo & the Bunnymen, track 9 Blue Blue Ocean
50%
Echo & the Bunnymen, track 5 Bombers Bay
50%
Flowers, track 6 Buried Alive
50%
Ocean Rain, track 3 Crystal Days
50%
Evergreen, track 1 Don't Let It Get You Down
50%
Evergreen, track 10 Empire State Halo
50%
Flowers, track 7 Flowers
50%
What Are You..., track 9 Fools Like Us
50%
Evergreen, track 12 Forgiven
50%
What Are You..., track 3 Get In the Car
50%
Crocodiles, track 10 Happy Death Men
50%
Flowers, track 3 Hide & Seek
50%
Porcupine, track 8 Higher Hell
50%
What Are You..., track 5 History Chimes
50%
Evergreen, track 5 I'll Fly Tonight
50%
Evergreen, track 2 In My Time
50%
Flowers, track 5 It's Alright
50%
Heaven Up Here, track 4 It Was a Pleasure
50%
Evergreen, track 3 I Want To Be There (When You Come)
50%
Evergreen, track 9 Just a Touch Away
50%
Flowers, track 1 King of Kings
50%
Echo & the Bunnymen, track 6 Lips Like Sugar
50%
What Are You..., track 6 Lost On You
50%
Flowers, track 4 Make Me Shine
50%
Crocodiles, track 4 Monkeys
50%
What Are You..., track 7 Morning Sun
50%
Porcupine, track 3 My White Devil
50%
Ocean Rain, track 2 Nocturnal Me
50%
Evergreen, track 6 Nothing Lasts Forever
50%
Ocean Rain, track 9 Ocean Rain
50%
Echo & the Bunnymen, track 2 Over You
50%
Crocodiles, track 8 Pictures on my Wall
50%
Porcupine, track 5 Porcupine
50%
Crocodiles, track 3 Pride
50%
Porcupine, track 7 Ripeness
50%
What Are You..., track 2 Rust
50%
Echo & the Bunnymen, track 10 Satellite
50%
Heaven Up Here, track 1 Show of Strength
50%
Ocean Rain, track 1 Silver
50%
Crocodiles, track 2 Stars are Stars
50%
Flowers, track 2 SuperMellowMan
50%
Porcupine, track 2 The Back of Love
50%
Porcupine, track 1 The Cutter
50%
Heaven Up Here, track 7 The Disease
50%
Ocean Rain, track 4 The Yo Yo Man
50%
Evergreen, track 11 Too Young to Kneel
50%
Heaven Up Here, track 10 Turquoise Days
50%
What Are You..., track 1 What Are You Going to Do with Your Life?
50%
Echo & the Bunnymen, track 4 All in Your Mind
0%
Heaven Up Here, track 11 All I Want
0%
Heaven Up Here, track 8 All My Colours
0%
Echo & the Bunnymen, track 11 All My Life
0%
Crocodiles, track 9 All that Jazz
0%
Heaven Up Here, track 5 A Promise
0%
Echo & the Bunnymen, track 3 Bedbugs and Ballyhoo
0%
Flowers, track 11 Burn For Me
0%
Porcupine, track 4 Clay
0%
Flowers, track 8 Everybody Knows
0%
Porcupine, track 9 Gods will Be Gods
0%
Crocodiles, track 1 Going Up
0%
Porcupine, track 6 Heads Will Roll
0%
Porcupine, track 10 In Bluer Skies
0%
Flowers, track 9 Life Goes On
0%
Echo & the Bunnymen, track 7 Lost and Found
0%
Ocean Rain, track 8 My Kingdom
0%
Echo & the Bunnymen, track 8 New Direction
0%
Heaven Up Here, track 9 No Dark Things
0%
Heaven Up Here, track 3 Over the Wall
0%
Crocodiles, track 6 Rescue
0%
Echo & the Bunnymen, track 1 The Game
0%
Ocean Rain, track 5 Thorn of Crowns
0%
Crocodiles, track 7 Villiers Terrace
0%
What Are You..., track 8 When It All Blows Over
0%
Heaven Up Here, track 2 With a Hip
0%
No matching quizzes found
Score Distribution
Percent of People with Each Score
Percentile by Number Answered
Your Score History
You have not taken this quiz